<?xml version="1.0" encoding="UTF-8"?>
<record
    xmlns:xsi="http://www.w3.org/2001/XMLSchema-instance"
    xsi:schemaLocation="http://www.loc.gov/MARC21/slim http://www.loc.gov/standards/marcxml/schema/MARC21slim.xsd"
    xmlns="http://www.loc.gov/MARC21/slim">

  <leader>00412nam a22001217a 4500</leader>
  <datafield tag="040" ind1=" " ind2=" ">
    <subfield code="c">HS</subfield>
  </datafield>
  <datafield tag="082" ind1=" " ind2=" ">
    <subfield code="a">630</subfield>
  </datafield>
  <datafield tag="100" ind1=" " ind2=" ">
    <subfield code="a">&#x17A2;&#x17CA;&#x17BB;&#x1780; &#x1782;&#x17BB;&#x178E;&#x1780;&#x17B6;</subfield>
  </datafield>
  <datafield tag="245" ind1=" " ind2=" ">
    <subfield code="a">&#x1795;&#x17D2;&#x179F;&#x1796;&#x17D2;&#x179C;&#x1795;&#x17D2;&#x179F;&#x17B6;&#x1799;&#x1780;&#x179F;&#x17B7;&#x1780;&#x1798;&#x17D2;&#x1798; agricultural extension</subfield>
  </datafield>
  <datafield tag="260" ind1=" " ind2=" ">
    <subfield code="a">&#x179F;&#x17B6;&#x179B;&#x17B6;&#x1798;&#x1792;&#x17D2;&#x1799;&#x1798;&#x179F;&#x17B7;&#x1780;&#x17D2;&#x179F;&#x17B6;&#x1780;&#x179F;&#x17B7;&#x1798;&#x17D2;&#x1798;&#x1796;&#x17D2;&#x179A;&#x17C2;&#x1780;&#x179B;&#x17C0;&#x1794;</subfield>
    <subfield code="b">&#x17A2;&#x17CA;&#x17BB;&#x1780; &#x1782;&#x17BB;&#x178E;&#x1780;&#x17B6;</subfield>
    <subfield code="c">1999</subfield>
  </datafield>
  <datafield tag="300" ind1=" " ind2=" ">
    <subfield code="a">162p;</subfield>
  </datafield>
  <datafield tag="942" ind1=" " ind2=" ">
    <subfield code="c">KB</subfield>
  </datafield>
  <datafield tag="999" ind1=" " ind2=" ">
    <subfield code="c">9110</subfield>
    <subfield code="d">9110</subfield>
  </datafield>
  <datafield tag="952" ind1=" " ind2=" ">
    <subfield code="0">0</subfield>
    <subfield code="1">0</subfield>
    <subfield code="4">0</subfield>
    <subfield code="6">630_000000000000000_&#x17A2;&#x17BB;&#x1780;_1999_C255</subfield>
    <subfield code="7">0</subfield>
    <subfield code="9">50739</subfield>
    <subfield code="a">LBC</subfield>
    <subfield code="b">LBC</subfield>
    <subfield code="c">C255</subfield>
    <subfield code="d">2016-08-24</subfield>
    <subfield code="o">630 &#x17A2;&#x17CA;&#x17BB;&#x1780; 1999 C255</subfield>
    <subfield code="p">RUA44284</subfield>
    <subfield code="r">2016-08-24</subfield>
    <subfield code="y">KB</subfield>
  </datafield>
</record>
